[Event "52nd World Juniors 2013"]
[Site "Kocaeli TUR"]
[Date "2013.09.14"]
[Round "2.50"]
[White "Koksal, Ege"]
[Black "Percin, Onder"]
[Result "1-0"]
[WhiteTitle "CM"]
[WhiteElo "2207"]
[BlackElo "1838"]
[WhiteFideId "6317626"]
[BlackFideId "6345190"]
[EventDate "2013.09.13"]

1. d4 Nf6 2. c4 g6 3. Nc3 Bg7 4. e4 d6 5. f3 O-O 6. Be3 e5 7. Nge2 exd4 8. Nxd4
Nc6 9. Qd2 Re8 10. Be2 a6 11. O-O Nh5 12. f4 Nf6 13. Bf3 Na5 14. b3 Bg4 15. Qd3
Bxf3 16. Nxf3 Nxe4 17. Nxe4 Bxa1 18. Rxa1 Qe7 19. Nfg5 c5 20. Qc3 Qxe4 21. Nxe4
Rxe4 22. Bc1 Nc6 23. Bb2 Nd4 24. Re1 Rxf4 25. Qg3 Rf6 26. Qh4 Re6 27. Rxe6 Nxe6
28. Qf6 Nd4 29. Bxd4 cxd4 30. Qxd4 b5 31. c5 1-0

[Event "52nd World Juniors 2013"]
[Site "Kocaeli TUR"]
[Date "2013.09.14"]
[Round "2.51"]
[White "Pecurica, Milos"]
[Black "Mamyrbay, Assad"]
[Result "0-1"]
[WhiteElo "2190"]
[BlackElo "1823"]
[WhiteFideId "944963"]
[BlackFideId "13708880"]
[EventDate "2013.09.13"]

1. d4 d5 2. c4 e6 3. Nf3 Nf6 4. Nc3 Bb4 5. Bg5 h6 6. Bxf6 Qxf6 7. cxd5 exd5 8.
Qb3 c5 9. a3 Bxc3+ 10. Qxc3 Nd7 11. e3 O-O 12. Bd3 b6 13. g4 Bb7 14. h4 Rac8 15.
g5 Qd6 16. gxh6 Qxh6 17. Be4 0-1

[Event "52nd World Juniors 2013"]
[Site "Kocaeli TUR"]
[Date "2013.09.14"]
[Round "2.52"]
[White "Soysal, Serkan"]
[Black "Topac, Ahmet Eren"]
[Result "1-0"]
[WhiteElo "2097"]
[BlackElo "1800"]
[WhiteFideId "6349250"]
[BlackFideId "6311873"]
[EventDate "2013.09.13"]

1. d4 c5 2. d5 e6 3. c4 b5 4. cxb5 Nf6 5. Nc3 a6 6. bxa6 Bxa6 7. e4 c4 8. dxe6
fxe6 9. e5 Ng8 10. Nf3 Bc5 11. Ne4 Qa5+ 12. Bd2 Qb6 13. Qc2 Nc6 14. Bxc4 Nb4 15.
Qb3 Rb8 16. Bxa6 Nxa6 17. Qxb6 Bxb6 18. O-O Nh6 19. Bxh6 gxh6 20. Rfd1 Ke7 21.
a3 Rbc8 22. Rd6 1-0

[Event "52nd World Juniors 2013"]
[Site "Kocaeli TUR"]
[Date "2013.09.14"]
[Round "2.53"]
[White "Igonin, Temur"]
[Black "Atay, Sergen"]
[Result "1-0"]
[WhiteTitle "FM"]
[WhiteElo "2074"]
[BlackElo "1713"]
[WhiteFideId "14203049"]
[BlackFideId "6309143"]
[EventDate "2013.09.13"]

1. e4 e5 2. Nf3 Nc6 3. Bc4 Bc5 4. O-O Nf6 5. d3 d6 6. c3 a6 7. Bb3 Ba7 8. Re1
O-O 9. h3 Re8 10. Nbd2 h6 11. Nf1 Be6 12. Ng3 d5 13. Qe2 Qd6 14. Nh4 dxe4 15.
dxe4 Bxb3 16. axb3 Qe6 17. Ngf5 Ne7 18. Qf3 Ng6 19. Be3 Bxe3 20. Rxe3 Nf4 21. c4
Kh7 22. Kh2 g5 23. g3 Nxh3 24. Ng2 Nxf2 25. Re2 N2g4+ 26. Kh1 Red8 27. Rf1 Rd7
28. Nge3 Rd3 29. Qg2 Kg6 30. Nd5 Nxd5 31. exd5 Qd7 32. Qe4 Nf6 33. Qxd3 e4 1-0

[Event "52nd World Juniors 2013"]
[Site "Kocaeli TUR"]
[Date "2013.09.14"]
[Round "2.54"]
[White "Abdrashev, Arlen"]
[Black "Gundogan, Cem"]
[Result "1/2-1/2"]
[WhiteElo "1745"]
[BlackElo "2072"]
[WhiteFideId "13710257"]
[BlackFideId "6311032"]
[EventDate "2013.09.13"]

1. e4 c5 2. Nc3 Nf6 3. g3 d5 4. exd5 Nxd5 5. Bg2 Nc7 6. Nf3 Nc6 7. a3 e5 8. b4
cxb4 9. axb4 Bxb4 10. Nxe5 O-O 11. Nxc6 bxc6 12. O-O a5 13. Bxc6 Ra6 14. Bg2 Be6
15. Bb2 Qe7 16. d4 Rd8 17. Qd3 Qd7 18. d5 Bh3 19. Rfd1 Rh6 20. Bh1 Na6 21. Ne4
Rg6 22. Qe3 Qe8 23. Qf4 f5 24. Nd2 Nc5 25. Qc4 Rg4 26. Qe2 1/2-1/2

[Event "52nd World Juniors 2013"]
[Site "Kocaeli TUR"]
[Date "2013.09.14"]
[Round "2.55"]
[White "Vucic, Mihovil"]
[Black "Uraz, Abdullah Kerim"]
[Result "1-0"]
[WhiteElo "2063"]
[BlackElo "1602"]
[WhiteFideId "14514990"]
[BlackFideId "2044846"]
[EventDate "2013.09.13"]

1. e4 c5 2. Nf3 d6 3. c3 Nf6 4. h3 g6 5. Bd3 Bg7 6. O-O O-O 7. Bc2 e5 8. d4 Nc6
9. dxe5 dxe5 10. Qxd8 Rxd8 11. Na3 Be6 12. Be3 b6 13. Ng5 h6 14. Nxe6 fxe6 15.
Nc4 b5 16. Na3 b4 17. Nc4 bxc3 18. bxc3 Nd7 19. Rab1 Rab8 20. Ba4 Rxb1 21. Rxb1
Rb8 22. Rd1 Nb6 23. Nxb6 Rxb6 24. Bxc5 Ra6 25. Bb3 Na5 26. Rd8+ Kh7 27. Rd7 Nxb3
28. axb3 Kg8 29. Rxa7 Rc6 30. b4 Bf6 31. Kf1 Bg5 32. Ke2 h5 33. Ra8+ Kf7 34. Kd3
Bh6 35. Kc4 Rc7 1-0

[Event "52nd World Juniors 2013"]
[Site "Kocaeli TUR"]
[Date "2013.09.14"]
[Round "2.56"]
[White "Du Plessis, Heinco"]
[Black "Mesic, Vehid"]
[Result "1/2-1/2"]
[WhiteElo "2050"]
[BlackElo "1576"]
[WhiteFideId "14306263"]
[BlackFideId "14404320"]
[EventDate "2013.09.13"]

1. e4 e5 2. Nf3 Nc6 3. d4 exd4 4. Nxd4 Nf6 5. Nxc6 bxc6 6. Bd3 Bc5 7. O-O d6 8.
Nd2 O-O 9. Nb3 Bb6 10. a4 Bg4 11. Qe1 a5 12. Kh1 Re8 13. f4 Bf5 14. Nd2 Nxe4 15.
Nxe4 d5 16. Qg3 Bxe4 17. f5 Bd4 18. Bg5 f6 19. Bh6 Qd7 20. Bc1 Rab8 21. c3 Be5
22. Qe3 Bd6 23. Qh3 Bxd3 24. Qxd3 Re4 25. Qa6 Rbe8 26. Bd2 Re2 27. Rad1 Qe7 28.
Qd3 Qe5 29. g3 Qe4+ 30. Qxe4 R8xe4 31. b3 h5 32. Rg1 h4 33. Rg2 c5 34. gxh4 Rxg2
35. Kxg2 Re2+ 36. Kf3 Rxh2 37. Be1 c6 38. c4 d4 39. Bxa5 Rh3+ 40. Kf2 Rxb3 41.
Ra1 Be5 42. Ra2 Rh3 43. Bd2 Rxh4 44. a5 Bb8 45. Rb2 Ba7 46. Rb7 1/2-1/2

[Event "52nd World Juniors 2013"]
[Site "Kocaeli TUR"]
[Date "2013.09.14"]
[Round "2.58"]
[White "Ertekin, Oguzhan"]
[Black "Baglan, Esat"]
[Result "1/2-1/2"]
[WhiteElo "1583"]
[BlackElo "2024"]
[WhiteFideId "6337481"]
[BlackFideId "6309216"]
[EventDate "2013.09.13"]

1. c4 Nf6 2. b4 e6 3. a3 d5 4. cxd5 exd5 5. d4 Bd6 6. e3 O-O 7. Bd3 Ne4 8. Bxe4
dxe4 9. Nd2 f5 10. Nc4 Be7 11. Bb2 Be6 12. Ne5 Nd7 13. Ne2 Nxe5 14. dxe5 Qxd1+
15. Rxd1 a5 16. b5 c5 17. Nf4 Kf7 18. Kd2 Rfd8+ 19. Kc3 b6 20. Nxe6 Kxe6 21. Kc4
a4 22. f4 g5 23. g3 h5 24. Bc3 Rxd1 25. Rxd1 Rd8 26. Rg1 h4 27. g4 1/2-1/2

[Event "52nd World Juniors 2013"]
[Site "Kocaeli TUR"]
[Date "2013.09.15"]
[Round "3.2"]
[White "Ipatov, Alexander"]
[Black "Grover, Sahaj"]
[Result "1-0"]
[WhiteTitle "GM"]
[BlackTitle "GM"]
[WhiteElo "2601"]
[BlackElo "2479"]
[WhiteFideId "14116731"]
[BlackFideId "5021103"]
[EventDate "2013.09.13"]

1. c4 e6 2. d4 Nf6 3. Nf3 d5 4. Bg5 Be7 5. Nc3 O-O 6. e3 h6 7. Bxf6 Bxf6 8. Qc2
c6 9. h4 Nd7 10. g4 g6 11. g5 hxg5 12. hxg5 Bxg5 13. Bd3 Kg7 14. cxd5 exd5 15.
Rg1 f6 16. Bxg6 Rh8 17. O-O-O Nf8 18. Bf5 Rh5 19. Ne2 Bxf5 20. Qxf5 Qd7 21.
Qxd7+ Nxd7 22. Nf4 Rh6 23. Nxg5 fxg5 24. Rxg5+ Kf6 25. Rdg1 Rah8 26. Kd2 R8h7
27. Rg8 Nb6 28. b3 Rh8 29. R1g6+ Rxg6 30. Rxh8 Rg1 31. Rf8+ 1-0

[Event "52nd World Juniors 2013"]
[Site "Kocaeli TUR"]
[Date "2013.09.15"]
[Round "3.3"]
[White "Salem, A.R. Saleh"]
[Black "Bortnyk, Mykola"]
[Result "1-0"]
[WhiteTitle "GM"]
[WhiteElo "2570"]
[BlackElo "2417"]
[WhiteFideId "9301348"]
[BlackFideId "14120836"]
[EventDate "2013.09.13"]

1. d4 Nf6 2. c4 e6 3. Nf3 d5 4. Nc3 Bb4 5. e3 O-O 6. Bd3 dxc4 7. Bxc4 c5 8. O-O
Nbd7 9. Bb3 b6 10. Qe2 Bb7 11. Rd1 Qc8 12. Bd2 Bxc3 13. Bxc3 Ne4 14. Rac1 Ba6
15. Qc2 Nxc3 16. Qxc3 Be2 17. Rd2 Bxf3 18. gxf3 cxd4 19. Rxd4 Ne5 20. Qxc8 Raxc8
21. Rxc8 Rxc8 22. Kg2 g5 23. f4 gxf4 24. exf4 Ng6 25. f5 exf5 26. Rd7 Ne5 27.
Rxa7 f4 28. Ra4 f3+ 29. Kg3 Kg7 30. Bd5 Rc2 31. Re4 Re2 32. Re3 Rxe3 33. fxe3 f5
34. b3 Kf6 35. Bxf3 Nd3 36. Bd1 Ke5 37. Kf3 h6 38. a3 Nc5 39. Bc2 Ne6 40. h4 Nc5
41. b4 Ne6 42. Bb3 Nc7 43. Bc4 Ne8 44. a4 Nd6 45. Ba6 f4 46. exf4+ Kd4 47. a5 b5
48. Bb7 Nxb7 49. a6 Kd5 1-0

[Event "52nd World Juniors 2013"]
[Site "Kocaeli TUR"]
[Date "2013.09.15"]
[Round "3.4"]
[White "Vidit, Santosh Gujrathi"]
[Black "Bai, Jinshi"]
[Result "1/2-1/2"]
[WhiteTitle "GM"]
[WhiteElo "2565"]
[BlackElo "2419"]
[WhiteFideId "5029465"]
[BlackFideId "8602280"]
[EventDate "2013.09.13"]

1. c4 c5 2. g3 Nc6 3. Bg2 g6 4. Nc3 Bg7 5. Nf3 e6 6. d4 cxd4 7. Nb5 d5 8. cxd5
Qa5+ 9. Nd2 Qxb5 10. dxc6 Ne7 11. a4 Qb6 12. b3 O-O 13. Ba3 Qc7 14. cxb7 Bxb7
15. Rc1 Qd7 16. Ne4 Rfc8 17. O-O Bxe4 18. Bxe4 Nd5 19. Bc5 Rc7 20. Rc4 Rac8 21.
Bxd4 Rxc4 22. bxc4 Rxc4 23. Bxg7 Kxg7 24. Qd3 Rxa4 25. Rd1 Qe7 26. Bxd5 exd5 27.
Qc3+ d4 28. Rxd4 Rxd4 29. Qxd4+ Kg8 30. Qa4 Qc5 31. Qa6 Qb6 32. Qc8+ Kg7 33.
Qc3+ Qf6 34. Qa5 Qb6 35. Qe5+ Kg8 36. Qe8+ Kg7 37. Qe5+ Qf6 38. Qa5 1/2-1/2

[Event "52nd World Juniors 2013"]
[Site "Kocaeli TUR"]
[Date "2013.09.15"]
[Round "3.5"]
[White "Benitez Lozano, Javier"]
[Black "Duda, Jan-Krzysztof"]
[Result "0-1"]
[WhiteTitle "CM"]
[BlackTitle "IM"]
[WhiteElo "2308"]
[BlackElo "2534"]
[WhiteFideId "5102472"]
[BlackFideId "1170546"]
[EventDate "2013.09.13"]

1. e4 c5 2. Nf3 d6 3. d4 cxd4 4. Qxd4 a6 5. Be3 Nc6 6. Qd2 Nf6 7. Nc3 e6 8.
O-O-O Be7 9. Bf4 Ng4 10. h3 Nge5 11. Nxe5 Nxe5 12. Be3 b5 13. f4 Nd7 14. Bd3 Bb7
15. Rhf1 O-O 16. Kb1 Rc8 17. g4 Nc5 18. Bxc5 dxc5 19. Qe3 Qa5 20. e5 b4 21. Ne2
Bg2 22. Rfe1 Bh4 23. Rg1 Bd5 24. c4 bxc3 25. Nxc3 Rb8 26. Be4 Bxe4+ 27. Nxe4 Be7
28. Qc3 Qa4 29. Qc2 Rxb2+ 30. Qxb2 Qxe4+ 31. Ka1 Qxf4 32. Qc3 h6 33. Rgf1 Qe4
34. Rfe1 Qc6 35. Rf1 Bh4 36. Rf3 Qa4 37. Rdf1 Rd8 38. Rb1 Qe4 39. Rff1 Qe2 40.
Rfc1 Rd3 41. Qxc5 Bg3 42. Rb4 Bxe5+ 43. Kb1 Rd2 0-1

[Event "52nd World Juniors 2013"]
[Site "Kocaeli TUR"]
[Date "2013.09.15"]
[Round "3.7"]
[White "Kanarek, Marcel"]
[Black "Ratkovic, Milovan"]
[Result "1/2-1/2"]
[WhiteTitle "IM"]
[WhiteElo "2483"]
[BlackElo "2302"]
[WhiteFideId "1126822"]
[BlackFideId "914525"]
[EventDate "2013.09.13"]

1. e4 c5 2. Nf3 d6 3. d4 Nf6 4. Nc3 cxd4 5. Nxd4 Nc6 6. Bg5 e6 7. Qd2 a6 8.
O-O-O Bd7 9. f4 b5 10. Nxc6 Bxc6 11. Qe1 Be7 12. Bd3 Qb6 13. e5 dxe5 14. fxe5
Nd5 15. Bxe7 Nxe7 16. Kb1 Qc5 17. Qg3 O-O 18. Rhe1 Rad8 19. h4 Rd4 20. h5 h6 21.
Ne2 Rd5 22. Nc3 Rd4 23. Ne2 Rd5 24. Nc3 Rd4 1/2-1/2

[Event "52nd World Juniors 2013"]
[Site "Kocaeli TUR"]
[Date "2013.09.15"]
[Round "3.8"]
[White "Idani, Pouya"]
[Black "Ozdover, Mustafa Berkay"]
[Result "1/2-1/2"]
[WhiteTitle "IM"]
[WhiteElo "2480"]
[BlackElo "2005"]
[WhiteFideId "12510130"]
[BlackFideId "6311482"]
[EventDate "2013.09.13"]

1. e4 d6 2. d4 Nf6 3. Nc3 g6 4. Bg5 Bg7 5. Qd2 h6 6. Bh4 g5 7. Bg3 Nh5 8. O-O-O
Nc6 9. Qe3 e6 10. Be2 Nxg3 11. hxg3 Qf6 12. Nb5 Qe7 13. f4 a6 14. Nc3 Bd7 15. e5
dxe5 16. dxe5 O-O-O 17. Ne4 Kb8 18. a3 Bc8 19. Nf3 gxf4 20. gxf4 Rxd1+ 21. Rxd1
Rd8 22. Rh1 b6 23. Qc3 Bb7 24. Bxa6 Bxa6 25. Qxc6 Bb7 26. Qc4 f6 27. exf6 Bxf6
28. Re1 Bh8 29. g3 Bd5 30. Qe2 Rg8 31. Nfd2 Qg7 32. c3 Qd7 33. Qe3 Qc6 34. Rh1
Bg7 35. Rh5 Rd8 36. Rh2 Qa4 37. Re2 Bf8 38. Qd3 b5 39. Qc2 Qa7 40. Nf3 Bc4 41.
Re1 Bd3 42. Qf2 Qa4 43. Nd4 Rxd4 44. cxd4 Qc4+ 45. Nc3 Bxa3 46. bxa3 Qxc3+ 47.
Kd1 Bc4 48. Qe3 Qa1+ 49. Kc2 1/2-1/2

[Event "52nd World Juniors 2013"]
[Site "Kocaeli TUR"]
[Date "2013.09.15"]
[Round "3.9"]
[White "Grandelius, Nils"]
[Black "Sanal, Vahap"]
[Result "1-0"]
[WhiteTitle "GM"]
[BlackTitle "IM"]
[WhiteElo "2576"]
[BlackElo "2419"]
[WhiteFideId "1710400"]
[BlackFideId "6300545"]
[EventDate "2013.09.13"]

1. d4 Nf6 2. c4 e6 3. Nf3 b6 4. a3 Bb7 5. Nc3 d5 6. cxd5 Nxd5 7. e3 Be7 8. Bb5+
c6 9. Bd3 O-O 10. Qc2 h6 11. e4 Nxc3 12. bxc3 c5 13. O-O cxd4 14. cxd4 Qc8 15.
Qe2 Ba6 16. Rd1 Bxd3 17. Rxd3 Nd7 18. Ne1 Nf6 19. e5 Nh7 20. Rg3 Kh8 21. Nd3 Qc4
22. Be3 Rac8 23. Rf1 Qc2 24. Qg4 Rg8 25. Rc1 h5 26. Qe4 Qb3 27. Rf1 h4 28. Rf3
Rgf8 29. Qb7 Rce8 30. Nc5 Qd5 31. Qxd5 exd5 32. Nd7 Rg8 33. Rxf7 Nf8 34. Nxf8
Rgxf8 35. Rxf8+ Bxf8 36. a4 Rc8 37. Rc1 Rxc1+ 38. Bxc1 Kg8 39. g4 hxg3 40. fxg3
Kf7 41. Kf2 a6 42. Bg5 Bb4 43. Ke3 Be1 44. Ke2 Bc3 45. Kd3 Bb4 46. g4 Be1 47. h4
g6 48. h5 gxh5 49. gxh5 Bb4 50. h6 1-0

[Event "52nd World Juniors 2013"]
[Site "Kocaeli TUR"]
[Date "2013.09.15"]
[Round "3.10"]
[White "Akhmetov, Ayan"]
[Black "Sethuraman, S.P."]
[Result "0-1"]
[BlackTitle "GM"]
[WhiteElo "2382"]
[BlackElo "2553"]
[WhiteFideId "13703706"]
[BlackFideId "5021596"]
[EventDate "2013.09.13"]

1. e4 e5 2. Nf3 Nc6 3. d4 exd4 4. Nxd4 Bb4+ 5. Nc3 Nge7 6. Be2 d5 7. Nxc6 bxc6
8. Qd4 Qd6 9. exd5 O-O 10. Bf4 Bxc3+ 11. bxc3 Qg6 12. O-O Nxd5 13. c4 Nb4 14.
Qc3 c5 15. Bf3 c6 16. Qe5 Bg4 17. Bxg4 Qxg4 18. h3 Qg6 19. Qxc5 Nxc2 20. Rad1
Qe4 21. Be5 f6 22. Bd6 Rfe8 23. Rd2 Rad8 24. Rfd1 Re6 25. Kh2 Ne1 26. f3 Nxf3+
27. gxf3 Qxf3 28. Kg1 f5 29. Qa3 Re3 30. Rd3 Qxd1+ 31. Rxd1 Rxa3 32. c5 Rxa2 33.
Re1 Rd7 0-1

[Event "52nd World Juniors 2013"]
[Site "Kocaeli TUR"]
[Date "2013.09.15"]
[Round "3.12"]
[White "De Filomeno, Simone"]
[Black "Eliseev, Urii"]
[Result "0-1"]
[WhiteTitle "FM"]
[BlackTitle "IM"]
[WhiteElo "2392"]
[BlackElo "2550"]
[WhiteFideId "828688"]
[BlackFideId "24131920"]
[EventDate "2013.09.13"]

1. e4 c5 2. Nf3 Nc6 3. Bb5 d6 4. Bxc6+ bxc6 5. e5 f6 6. exd6 e5 7. Nxe5 fxe5 8.
Qh5+ Kd7 9. f4 Bxd6 10. fxe5 Qe7 11. d4 cxd4 12. Bf4 Nf6 13. Qe2 Bxe5 14. Bxe5
Re8 0-1

[Event "52nd World Juniors 2013"]
[Site "Kocaeli TUR"]
[Date "2013.09.15"]
[Round "3.13"]
[White "Saiyn, Zhanat"]
[Black "Debashis, Das"]
[Result "0-1"]
[WhiteTitle "FM"]
[BlackTitle "IM"]
[WhiteElo "2337"]
[BlackElo "2489"]
[WhiteFideId "13703820"]
[BlackFideId "5024854"]
[EventDate "2013.09.13"]

1. d4 Nf6 2. c4 e6 3. Nc3 Bb4 4. e3 O-O 5. Bd3 d5 6. Nf3 c5 7. O-O dxc4 8. Bxc4
Nbd7 9. a3 Ba5 10. Qe2 a6 11. Rd1 b5 12. Ba2 cxd4 13. exd4 Bxc3 14. bxc3 Bb7 15.
Bg5 Qc7 16. Rac1 Bd5 17. Bb1 Qb7 18. Re1 Rac8 19. a4 Bxf3 20. Qxf3 Qxf3 21. gxf3
Nd5 22. axb5 axb5 23. Bd3 Nxc3 24. Be7 Rfe8 25. Bb4 Na2 26. Rb1 Nxb4 27. Rxb4
Nf6 28. Rxb5 Red8 29. Rb4 g6 30. Be4 Rd6 31. Ra1 Rcd8 32. Ra8 Rxa8 33. Bxa8 Nh5
34. Kf1 Nf4 35. Be4 Kg7 36. Ke1 g5 37. Bb1 Ra6 38. Be4 Ra3 39. Rb7 h5 40. Kd2
Ra1 41. Rb1 Ra4 42. Ke3 f5 43. Bc2 Nd5+ 44. Kd3 Nb4+ 45. Kc3 Nxc2 46. Kxc2 Rxd4
47. Rg1 Kf6 0-1

[Event "52nd World Juniors 2013"]
[Site "Kocaeli TUR"]
[Date "2013.09.15"]
[Round "3.14"]
[White "Franklin, Samuel G A"]
[Black "Petenyi, Tamas"]
[Result "0-1"]
[WhiteTitle "FM"]
[BlackTitle "IM"]
[WhiteElo "2353"]
[BlackElo "2468"]
[WhiteFideId "468576"]
[BlackFideId "14909090"]
[EventDate "2013.09.13"]

1. e4 g6 2. d4 Bg7 3. Nc3 d6 4. f4 Nf6 5. Nf3 O-O 6. Bd3 Nc6 7. O-O Bg4 8. e5
dxe5 9. dxe5 Nd5 10. h3 Nxc3 11. bxc3 Bf5 12. Bxf5 gxf5 13. Be3 e6 14. Nd4 Qd5
15. Qh5 Nxd4 16. cxd4 f6 17. Qf3 Qxf3 18. Rxf3 Rad8 19. Rb1 b6 20. Bf2 Rd7 21.
Ra3 c6 22. Rc3 Rc8 23. Kf1 Kf7 24. Ke2 c5 25. dxc5 fxe5 26. fxe5 Bxe5 27. Rd3
Rdc7 28. cxb6 Rxc2+ 29. Rd2 Bf4 30. Be3 Bxe3 31. Kxe3 R8c3+ 32. Rd3 axb6 33.
Rxc3 Rxc3+ 34. Kf4 Rc4+ 35. Kg5 h6+ 36. Kxh6 Kf6 37. g4 fxg4 38. hxg4 Rxg4 39.
Kh5 Rg2 40. Rxb6 Kf5 41. Kh4 e5 42. Kh3 Rg8 43. Rb2 Kf4 44. Rf2+ Ke3 45. Rg2
Rh8+ 46. Kg3 e4 47. a4 Ra8 48. Kg4 Kd3 49. Ra2 e3 50. Kf3 Rf8+ 51. Kg2 e2 52.
Ra3+ Ke4 53. Ra1 Rd8 54. Re1 Ke5 0-1

[Event "52nd World Juniors 2013"]
[Site "Kocaeli TUR"]
[Date "2013.09.15"]
[Round "3.15"]
[White "Iermito, Sebastian"]
[Black "Georgiadis, Nico"]
[Result "1/2-1/2"]
[WhiteTitle "IM"]
[BlackTitle "FM"]
[WhiteElo "2462"]
[BlackElo "2396"]
[WhiteFideId "114286"]
[BlackFideId "1300113"]
[EventDate "2013.09.13"]

1. Nf3 f5 2. g3 Nf6 3. Bg2 g6 4. c4 Bg7 5. Nc3 O-O 6. O-O d6 7. d4 Qe8 8. d5 a5
9. e4 Nxe4 10. Nxe4 fxe4 11. Ng5 Na6 12. Nxe4 b5 13. c5 Nxc5 14. Nxc5 dxc5 15.
d6 Ra6 16. dxc7 Rd6 17. Qb3+ Be6 18. c8=Q Qxc8 19. Qxb5 c4 20. Bf4 Rxf4 21. gxf4
Bd7 22. Qxa5 Bxb2 23. Rab1 c3 24. Qe5 Bc6 25. h3 Bxg2 26. Kxg2 Re6 27. Qd5 Qc6
28. Qxc6 Rxc6 29. Kf3 Ra6 30. Ke3 Rxa2 31. Kd3 Ra4 32. Rbe1 Kf7 33. Re3 Rxf4 34.
Rfe1 Ba3 35. R1e2 Bc5 36. Re5 Rf3+ 37. Kc2 Rxf2 38. Rxf2+ Bxf2 1/2-1/2

[Event "52nd World Juniors 2013"]
[Site "Kocaeli TUR"]
[Date "2013.09.15"]
[Round "3.16"]
[White "Antal, Tibor Kende"]
[Black "Javakhadze, Zurab"]
[Result "0-1"]
[WhiteTitle "FM"]
[BlackTitle "IM"]
[WhiteElo "2321"]
[BlackElo "2457"]
[WhiteFideId "738581"]
[BlackFideId "13603647"]
[EventDate "2013.09.13"]

1. e4 e5 2. Nf3 Nc6 3. Bb5 d6 4. d4 Bd7 5. O-O Nf6 6. Nc3 exd4 7. Nxd4 Be7 8.
Be3 O-O 9. f3 Re8 10. Qd2 a6 11. Bxc6 bxc6 12. Rad1 a5 13. b3 h6 14. Nde2 Nh7
15. e5 Nf8 16. exd6 cxd6 17. Na4 d5 18. Rfe1 Be6 19. Nf4 Qb8 20. Nd3 Bf5 21. Qf2
Bd6 22. g3 Ne6 23. Nb6 Ra6 24. Nd7 Qc8 25. N7c5 Bxd3 26. Nxd3 a4 27. c4 axb3 28.
axb3 Rd8 29. Nc5 Bxc5 30. Bxc5 d4 31. Bxd4 Qd7 32. Be5 Qxd1 33. Rxd1 Rxd1+ 34.
Kg2 Ra8 35. f4 Rad8 36. Qb6 c5 37. h4 R1d2+ 38. Kh3 g6 39. h5 gxh5 40. Qb7 Re2
41. Qh1 Rdd2 42. Qa8+ Nf8 43. Qh1 Kh7 44. Qg1 Ng6 45. Bf6 Rd3 46. Qf1 Rdd2 47.
Qg1 Rf2 48. Be5 Nh4 49. g4 hxg4+ 50. Kxh4 f5 51. Bd6 Rh2+ 52. Qxh2 Rxh2+ 53. Kg3
Rh3+ 54. Kg2 Rxb3 55. Bxc5 Rc3 0-1

[Event "52nd World Juniors 2013"]
[Site "Kocaeli TUR"]
[Date "2013.09.15"]
[Round "3.17"]
[White "Nagy, Gabor1"]
[Black "Nasanjargal, Urtnasan"]
[Result "0-1"]
[WhiteTitle "IM"]
[BlackTitle "FM"]
[WhiteElo "2457"]
[BlackElo "2323"]
[WhiteFideId "737119"]
[BlackFideId "4900774"]
[EventDate "2013.09.13"]

1. d4 Nf6 2. c4 g6 3. Nf3 Bg7 4. g3 O-O 5. Bg2 d6 6. O-O Nc6 7. Nc3 a6 8. Bf4
Bf5 9. d5 Na5 10. Qa4 c5 11. dxc6 Nxc6 12. Rfd1 Ne4 13. Nxe4 Bxe4 14. Rd2 Qa5
15. Qb3 Qb4 16. Qxb4 Nxb4 17. Bh3 a5 18. Ne1 a4 19. a3 Nc6 20. f3 Bf5 21. Bxf5
gxf5 22. Ng2 Na5 23. Ne3 Nb3 24. Nxf5 Nxa1 25. Nxe7+ Kh8 26. Bxd6 Rfd8 27. e4
Nb3 28. Rd5 Rxd6 29. Rxd6 Bxb2 0-1

[Event "52nd World Juniors 2013"]
[Site "Kocaeli TUR"]
[Date "2013.09.15"]
[Round "3.18"]
[White "Muhammad, Luthfi Ali"]
[Black "Dimitrov, Radoslav"]
[Result "1-0"]
[WhiteTitle "CM"]
[BlackTitle "IM"]
[WhiteElo "2277"]
[BlackElo "2437"]
[WhiteFideId "7103743"]
[BlackFideId "2908549"]
[EventDate "2013.09.13"]

1. e4 c6 2. d4 d5 3. Nc3 dxe4 4. Nxe4 Nd7 5. Ng5 Ngf6 6. Bd3 e6 7. N1f3 Be7 8.
Qe2 O-O 9. O-O c5 10. Rd1 cxd4 11. Nxd4 Nc5 12. Bc4 Qc7 13. Nb5 Qb8 14. Rd4 e5
15. Bf4 Ng4 16. Nf3 Bf6 17. Bg3 a6 18. Nc3 b5 19. Bd5 Ra7 20. h3 Nh6 21. Bxe5
Bxe5 22. Qxe5 Qxe5 23. Nxe5 Nf5 24. Rd2 Re7 25. Nc6 Rc7 26. Rad1 Be6 27. Nb4 h6
28. a3 Rfc8 29. g3 a5 30. Nxb5 axb4 31. Nxc7 Rxc7 32. axb4 Na4 33. Bxe6 fxe6 34.
c3 Nb6 35. Kg2 Kf7 36. Re2 Rc6 37. Ra1 Nd5 38. Ra5 g5 39. Rc5 Rb6 40. b5 h5 41.
c4 Nb4 42. Rc7+ Kf6 43. Rd2 Rb8 44. Ra7 Ne7 45. Ra4 Nbd5 46. cxd5 Nxd5 47. Ra5
h4 48. Re2 hxg3 49. fxg3 Nc7 50. Rf2+ Kg6 51. Ra7 Nxb5 52. Raf7 1-0

[Event "52nd World Juniors 2013"]
[Site "Kocaeli TUR"]
[Date "2013.09.15"]
[Round "3.19"]
[White "Chu, Wei Chao"]
[Black "Ferreira, Jorge Viterbo"]
[Result "1/2-1/2"]
[BlackTitle "FM"]
[WhiteElo "2270"]
[BlackElo "2426"]
[WhiteFideId "8605661"]
[BlackFideId "1910850"]
[EventDate "2013.09.13"]

1. d4 Nf6 2. c4 c5 3. d5 b5 4. cxb5 a6 5. bxa6 g6 6. Nc3 Bxa6 7. e4 Bxf1 8. Kxf1
d6 9. Nf3 Nbd7 10. g3 Bg7 11. Kg2 O-O 12. h3 Qa5 13. Re1 Rfb8 14. e5 Nxe5 15.
Nxe5 dxe5 16. Rxe5 Rb7 17. Qe2 Qd8 18. Qf3 c4 19. Re2 Rd7 20. Bg5 h6 21. Bxf6
Bxf6 22. Qf4 Bxc3 23. bxc3 Rxd5 24. Rae1 e6 25. Qxh6 Qf6 26. Rc2 Rd3 27. Re3 Qf5
28. Qf4 Rxe3 29. Qxf5 Rxg3+ 30. Kxg3 exf5 31. Kf4 Kf8 32. Ke3 Ke7 33. Kd4 Kd6
34. Kxc4 Kc6 35. Re2 Ra4+ 36. Kd3 Kd5 1/2-1/2

[Event "52nd World Juniors 2013"]
[Site "Kocaeli TUR"]
[Date "2013.09.15"]
[Round "3.20"]
[White "Yuksel, Atilla Koksal"]
[Black "Baghdasaryan, Vahe"]
[Result "0-1"]
[WhiteTitle "CM"]
[BlackTitle "IM"]
[WhiteElo "2060"]
[BlackElo "2423"]
[WhiteFideId "6306667"]
[BlackFideId "13303139"]
[EventDate "2013.09.13"]

1. e4 c5 2. Nf3 d6 3. d4 cxd4 4. Nxd4 Nf6 5. Nc3 a6 6. Bg5 Nbd7 7. f4 Qc7 8. Qe2
e6 9. O-O-O b5 10. a3 Bb7 11. g4 Be7 12. Bg2 Rc8 13. Kb1 Qc4 14. Qd2 h6 15. Bxf6
Bxf6 16. h4 g6 17. g5 hxg5 18. hxg5 Rxh1 19. Bxh1 Bxd4 20. Qxd4 Qxd4 21. Rxd4
Ke7 22. Bf3 Rh8 23. Rd3 Nc5 24. Rd1 Rh4 25. b4 Na4 26. Ne2 Rh2 27. Rd3 Bxe4 28.
Bxe4 Rxe2 29. Bb7 Re1+ 30. Ka2 Rc1 31. Bxa6 Rxc2+ 32. Kb1 Rc6 33. Bb7 Rc4 34.
Ba6 d5 35. Ka1 Rc1+ 36. Ka2 Rc2+ 37. Kb1 Rc6 0-1